[Event "5. Nord-West-Cup"]
[Site "?"]
[Date "2003.??.??"]
[Round "5"]
[White "Toth, Hans-Jürgen"]
[Black "Ungar, Benedict"]
[Result "0-1"]
[WhiteElo "1363"]
[BlackElo "1590"]
[PlyCount "66"]

1. d4 Nc6 2. Nf3 d5 3. c4 dxc4 4. Nc3 Bg4 5. e3 a6 6. Bxc4 Nf6 7. O-O e6 8. h3
Bh5 9. Bd2 Nb4 10. a3 Nbd5 11. Nxd5 Nxd5 12. Rc1 c6 13. g4 Bg6 14. Ne5 Bd6 15.
f4 Be4 16. Qe2 Qh4 17. Qh2 Qe7 18. Qg3 f6 19. Nf3 g5 20. Qf2 h5 21. fxg5 hxg4
22. hxg4 Rh1+ 23. Kg2 Rh2+ 24. Kg1 Rxf2 25. Kxf2 Bxf3 26. Kxf3 fxg5 27. Bd3
O-O-O 28. Rh1 Rf8+ 29. Ke2 Bg3 30. Kd1 Nf6 31. Be2 Ne4 32. Bb4 Bd6 33. Ba5 Nf2+
0-1

[Event "5. Nord-West-Cup"]
[Site "?"]
[Date "2003.??.??"]
[Round "5"]
[White "Kohlmann, Arndt"]
[Black "Niemann, Heinrich"]
[Result "0-1"]
[WhiteElo "1273"]
[BlackElo "1586"]
[PlyCount "92"]

1. e4 e5 2. Nf3 Nf6 3. Nxe5 Nxe4 4. Qe2 Qe7 5. Qxe4 d6 6. f4 dxe5 7. Qxe5 Qxe5+
8. fxe5 Bf5 9. Bc4 Bc5 10. c3 Nd7 11. d4 Be7 12. O-O Bg6 13. Bf4 O-O 14. Nd2 c6
15. e6 Nb6 16. exf7+ Bxf7 17. Bxf7+ Rxf7 18. Bc7 Nd5 19. Rxf7 Kxf7 20. Rf1+ Kg8
21. Re1 Bg5 22. Nf3 Be3+ 23. Kf1 Bxd4 24. Nxd4 Rf8+ 25. Kg1 Nxc7 26. Re7 Rf7
27. Re2 h6 28. Rf2 Nd5 29. Rxf7 Kxf7 30. Nf5 b5 31. Nd4 Ne7 32. Kf2 a6 33. Kf3
Kf6 34. Kf4 g6 35. Ke4 g5 36. g4 a5 37. a3 a4 38. h3 Ng6 39. Nf5 Nf4 40. Nxh6
Nxh3 41. Kd4 Nf2 42. Kc5 Kg6 43. Kxc6 Kxh6 44. Kxb5 Nxg4 45. c4 Ne5 46. c5 g4
0-1

[Event "5. Nord-West-Cup"]
[Site "?"]
[Date "2003.??.??"]
[Round "5"]
[White "Christophers, Reinhard"]
[Black "Hoppe, Dieter"]
[Result "0-1"]
[WhiteElo "1575"]
[BlackElo "1389"]
[PlyCount "138"]

1. e4 e6 2. d4 d5 3. Nc3 Nf6 4. e5 Nfd7 5. f4 c5 6. Nce2 Nc6 7. c3 Be7 8. Nf3
O-O 9. Be3 f6 10. exf6 Rxf6 11. dxc5 Nxc5 12. Ned4 Rf8 13. Be2 Ne4 14. O-O Nf6
15. Ne5 Nxd4 16. Bxd4 Qc7 17. g3 Bc5 18. Nf3 Bd7 19. Kg2 Rae8 20. b4 Bb6 21. a4
Bxd4 22. Qxd4 b6 23. Ne5 Rc8 24. Rfc1 Qb7 25. a5 b5 26. Nd3 Ne4 27. Bf3 Rc4 28.
Qe3 Qc7 29. Bxe4 Rxe4 30. Qc5 Bc6 31. Ne5 Re2+ 32. Kg1 Rc8 33. Re1 Re4 34. Rxe4
dxe4 35. Qxc6 Qxc6 36. Nxc6 Rxc6 37. Re1 Rc4 38. Re3 Kf7 39. g4 h6 40. h4 g6
41. Kf2 Kf6 42. Kg3 h5 43. Kh3 e5 44. Kg3 a6 45. f5 gxf5 46. g5+ Kg6 47. Re1
Rxc3+ 48. Kg2 Rc2+ 49. Kg1 Rc4 50. Rd1 Rc6 51. Rd7 Re6 52. Rb7 f4 53. Kf2 Kf5
54. Rf7+ Kg6 55. Rb7 Kf5 56. Rf7+ Kg4 57. Rf6 e3+ 58. Ke1 Re8 59. g6 f3 60. g7
Rg8 61. Rg6+ Kxh4 62. Kf1 Kh3 63. Rg5 h4 64. Rxe5 e2+ 65. Kf2 Rxg7 66. Kxf3
Rg3+ 67. Kxe2 Kg2 68. Re6 h3 69. Rxa6 h2 0-1

[Event "5. Nord-West-Cup"]
[Site "?"]
[Date "2003.??.??"]
[Round "5"]
[White "Hubbermann, Günter"]
[Black "Ströcker, Uwe"]
[Result "0-1"]
[WhiteElo "1092"]
[BlackElo "1452"]
[PlyCount "66"]

1. e4 g6 2. d3 Bg7 3. Nf3 c5 4. Be3 Bxb2 5. Nbd2 b6 6. Rb1 Bg7 7. g3 Nc6 8. c4
d6 9. a3 Nd4 10. Bxd4 cxd4 11. a4 e5 12. h4 h5 13. Ng5 Nf6 14. f3 O-O 15. Bh3
Nh7 16. f4 Nxg5 17. fxg5 f5 18. exf5 Bxf5 19. Bxf5 Rxf5 20. Rf1 Qd7 21. Rxf5
Qxf5 22. Qf3 Qxf3 23. Nxf3 Rd8 24. Ra1 d5 25. Nd2 e4 26. dxe4 dxe4 27. Nxe4 Re8
28. Kd2 Rxe4 29. Re1 Rxe1 30. Kxe1 Kf7 31. a5 bxa5 32. c5 Ke6 33. c6 Kd6 0-1

[Event "5. Nord-West-Cup"]
[Site "?"]
[Date "2003.??.??"]
[Round "5"]
[White "Schermann, Sarah"]
[Black "van Hove, Ode"]
[Result "0-1"]
[WhiteElo "895"]
[BlackElo "1438"]
[PlyCount "48"]

1. Nf3 d5 2. d4 Nf6 3. Nc3 e6 4. Bf4 Bd6 5. Qd2 O-O 6. h3 a6 7. g4 Bb4 8. Be5
Ne4 9. Qd3 c5 10. a3 Qa5 11. dxc5 Nc6 12. Ra2 Nxe5 13. axb4 Nxd3+ 14. cxd3 Qxb4
15. Nd2 Nxd2 16. Kxd2 d4 17. Bg2 dxc3+ 18. bxc3 Qxc5 19. d4 Qc4 20. Rha1 e5 21.
Ra4 Qc7 22. Rc1 exd4 23. cxd4 Qd6 24. e3 Rb8 0-1

[Event "5. Nord-West-Cup"]
[Site "?"]
[Date "2003.??.??"]
[Round "6"]
[White "Karpatchev, Aleksandr"]
[Black "Jaracz, Pawel"]
[Result "1/2-1/2"]
[WhiteElo "2463"]
[BlackElo "2546"]
[PlyCount "66"]

1. e4 g6 2. d4 c6 3. Nc3 d6 4. f4 d5 5. e5 h5 6. Nf3 Nh6 7. Be3 Qb6 8. Na4 Qa5+
9. c3 Bg4 10. Nc5 Qc7 11. h3 Nf5 12. Bf2 Bxf3 13. Qxf3 b6 14. Nd3 h4 15. e6 f6
16. O-O-O Qc8 17. Re1 Na6 18. Nb4 Nxb4 19. cxb4 Nd6 20. f5 gxf5 21. Bd3 b5 22.
Bxf5 a5 23. Re2 axb4 24. b3 Qa6 25. Kb1 O-O-O 26. Rc1 Kb7 27. Rc5 Rc8 28. Rec2
Kb8 29. Be1 Nb7 30. Qf4+ Ka7 31. Bxb4 Nxc5 32. Bxc5+ Kb7 33. Bd3 Qa5 1/2-1/2

[Event "5. Nord-West-Cup"]
[Site "?"]
[Date "2003.??.??"]
[Round "6"]
[White "Jugelt, Tobias"]
[Black "Meins, Gerlef"]
[Result "1/2-1/2"]
[WhiteElo "2431"]
[BlackElo "2436"]
[PlyCount "114"]

1. d4 d5 2. Bg5 h6 3. Bh4 c6 4. Nf3 Qb6 5. Qc1 Bf5 6. e3 Nd7 7. c4 Bxb1 8. Rxb1
e5 9. a3 exd4 10. exd4 Be7 11. Bxe7 Nxe7 12. c5 Qc7 13. Bd3 O-O 14. O-O Rfe8
15. Re1 Kf8 16. g3 Ng8 17. Qc2 Ngf6 18. Bf5 Rxe1+ 19. Rxe1 Re8 20. Rxe8+ Kxe8
21. b4 Kf8 22. Qe2 g6 23. Bxd7 Nxd7 24. Qe3 h5 25. Qg5 a6 26. a4 Qc8 27. Qh6+
Kg8 28. Qf4 Qb8 29. Qxb8+ Nxb8 30. Ne5 Kg7 31. h4 f6 32. Nd3 Nd7 33. Nf4 Kf7
34. f3 f5 35. Kf2 Kf6 36. Ke3 Kf7 37. b5 axb5 38. axb5 cxb5 39. Nxd5 Nb8 40.
Kd3 Na6 41. Nc3 Nc7 42. Kc2 Ke6 43. Kb3 Kd7 44. d5 Na6 45. Nxb5 Nxc5+ 46. Kc4
Na6 47. Kd4 Nc7 48. Na3 b5 49. Ke5 b4 50. Nc4 b3 51. Kf6 Nxd5+ 52. Kxg6 f4 53.
gxf4 Nxf4+ 54. Kg5 Nd3 55. Kxh5 Ke6 56. Kg5 Ne5 57. Nb2 Nxf3+ 1/2-1/2

[Event "5. Nord-West-Cup"]
[Site "?"]
[Date "2003.??.??"]
[Round "6"]
[White "Levin, Felix"]
[Black "Schneider, Ilja"]
[Result "1-0"]
[WhiteElo "2523"]
[BlackElo "2217"]
[PlyCount "81"]

1. d4 Nf6 2. Nf3 c5 3. d5 e6 4. c4 b5 5. dxe6 fxe6 6. cxb5 d5 7. g3 Bd6 8. Bg2
O-O 9. O-O Bb7 10. Nbd2 Qe7 11. b3 Nbd7 12. Bb2 Rad8 13. e4 Nxe4 14. Nxe4 dxe4
15. Nd2 Be5 16. Qc2 Bxb2 17. Qxb2 Nf6 18. Rae1 Rd4 19. Qc2 Qd6 20. Re2 a6 21.
Nc4 Qd8 22. b6 Bd5 23. Rb1 a5 24. a4 Rd3 25. Ne5 Bb7 26. Qxc5 Rd1+ 27. Re1 Rd5
28. Qc3 Qxb6 29. Nc4 Qa7 30. Ne3 Rd3 31. Qc7 Rd2 32. b4 Nd5 33. Qxa5 Qd4 34.
Qc5 Qf6 35. Rf1 Nc3 36. Ng4 Ne2+ 37. Kh1 Qg6 38. Qe3 Ra2 39. Ne5 Qf5 40. Nd7
Ra8 41. Nc5 1-0

[Event "5. Nord-West-Cup"]
[Site "?"]
[Date "2003.??.??"]
[Round "6"]
[White "Fish, Gennadij"]
[Black "Schmidt, Harald"]
[Result "1-0"]
[WhiteElo "2500"]
[BlackElo "2339"]
[PlyCount "45"]

1. d4 Nf6 2. c4 c5 3. d5 b5 4. cxb5 e6 5. Nc3 exd5 6. Nxd5 Bb7 7. e4 Nxd5 8.
exd5 Bd6 9. Bc4 O-O 10. Nf3 Qa5+ 11. Bd2 Re8+ 12. Kf1 Qd8 13. Bc3 a6 14. b6 h6
15. h4 Qxb6 16. Qd3 a5 17. Ng5 hxg5 18. hxg5 Be5 19. Re1 d6 20. Bxe5 Rxe5 21.
Rxe5 dxe5 22. d6 Be4 23. Qh3 1-0

[Event "5. Nord-West-Cup"]
[Site "?"]
[Date "2003.??.??"]
[Round "6"]
[White "Pajeken, Wolfgang"]
[Black "Gutman, Lev"]
[Result "1/2-1/2"]
[WhiteElo "2326"]
[BlackElo "2495"]
[PlyCount "52"]

1. Nf3 Nf6 2. c4 g6 3. g3 Bg7 4. Bg2 O-O 5. Nc3 d5 6. cxd5 Nxd5 7. h4 h5 8.
Nxd5 Qxd5 9. O-O a5 10. d3 a4 11. Qc2 Nc6 12. Bd2 a3 13. Bc3 axb2 14. Qxb2 Bxc3
15. Qxc3 Qa5 16. Qb2 Qa3 17. Rfb1 Qxb2 18. Rxb2 Ra7 19. Rc1 Bd7 20. d4 Rc8 21.
Ne5 Nxe5 22. Rxb7 Rxa2 23. dxe5 Rxe2 24. Rbxc7 Rxc7 25. Rxc7 Re1+ 26. Kh2 Be6
1/2-1/2

[Event "5. Nord-West-Cup"]
[Site "?"]
[Date "2003.??.??"]
[Round "6"]
[White "Asendorf, Joachim"]
[Black "Baramidze, David"]
[Result "0-1"]
[WhiteElo "2280"]
[BlackElo "2426"]
[PlyCount "68"]

1. c4 c5 2. g3 Nc6 3. Bg2 g6 4. Nc3 Bg7 5. a3 b6 6. b4 Bb7 7. bxc5 Bxc3 8. dxc3
bxc5 9. Rb1 Qc7 10. Bf4 d6 11. Qa4 Rc8 12. h4 e5 13. Bd2 h5 14. Nh3 Nf6 15. O-O
O-O 16. Bh6 Rfe8 17. Rfd1 Ba8 18. Rb2 Ng4 19. Bg5 e4 20. Rbd2 e3 21. Rxd6 Nd4
22. cxd4 Qxd6 23. Bf4 Qe7 24. d5 exf2+ 25. Nxf2 Nxf2 26. Kxf2 Qxe2+ 27. Kg1 Kg7
28. Rf1 Re7 29. Bg5 Rb7 30. Qa6 Kg8 31. Bh3 Re8 32. Qf6 Qxc4 33. d6 Rb3 34. d7
Rxg3+ 0-1

[Event "5. Nord-West-Cup"]
[Site "?"]
[Date "2003.??.??"]
[Round "6"]
[White "Cioara, Andrei Nestor"]
[Black "Thom, Rüdiger"]
[Result "1-0"]
[WhiteElo "2396"]
[BlackElo "1969"]
[PlyCount "95"]

1. e4 Nc6 2. Nf3 d6 3. d4 Nf6 4. Nc3 Bg4 5. d5 Nb8 6. Be2 c6 7. O-O Nbd7 8. h3
Bxf3 9. Bxf3 g6 10. Bg5 Bg7 11. Qd2 O-O 12. Rad1 Qb6 13. b3 Rac8 14. dxc6 Ne5
15. Be2 Qxc6 16. Nd5 Rfe8 17. Bxf6 Bxf6 18. Nxf6+ exf6 19. f4 Qb6+ 20. Kh2 Nc6
21. Bf3 Nb4 22. c3 Na6 23. c4 Nb4 24. Qxd6 Rc6 25. Qd4 Nxa2 26. e5 fxe5 27.
fxe5 Qxd4 28. Rxd4 Rc7 29. Ra1 Nb4 30. Rxa7 Rxe5 31. Rxb7 Rxb7 32. Bxb7 Re3 33.
c5 Rxb3 34. c6 Nxc6 35. Bxc6 Rc3 36. Bd5 Kg7 37. Rb4 Rc7 38. Rb7 Rxb7 39. Bxb7
f5 40. Kg3 Kf6 41. h4 Ke5 42. Kf3 h6 43. Bc8 g5 44. hxg5 hxg5 45. Ke3 Kf6 46.
Kd4 Kg6 47. Ke5 f4 48. Bg4 1-0

[Event "5. Nord-West-Cup"]
[Site "?"]
[Date "2003.??.??"]
[Round "6"]
[White "Hilmer, Frank"]
[Black "Hobuss, Udo"]
[Result "0-1"]
[WhiteElo "2223"]
[BlackElo "2394"]
[PlyCount "60"]

1. d4 Nf6 2. c4 e6 3. Nc3 Bb4 4. e3 b6 5. Nge2 Ne4 6. Bd2 Nxd2 7. Qxd2 Bb7 8.
a3 Be7 9. d5 a5 10. b3 Na6 11. g3 O-O 12. Bg2 Qb8 13. O-O c6 14. Rfd1 cxd5 15.
cxd5 Nc5 16. Rab1 Rc8 17. b4 axb4 18. axb4 Na4 19. d6 Nxc3 20. Nxc3 Bf6 21. Ne4
Bd8 22. g4 Bd5 23. Nc3 Bxg2 24. Kxg2 Qb7+ 25. Kg3 Rc4 26. b5 Rxg4+ 27. Kxg4
Qg2+ 28. Kf4 Bg5+ 29. Ke5 Bf6+ 30. Kf4 g5# 0-1

[Event "5. Nord-West-Cup"]
[Site "?"]
[Date "2003.??.??"]
[Round "6"]
[White "Lanka, Zigurds"]
[Black "Thinius, Marco"]
[Result "1-0"]
[WhiteElo "2509"]
[BlackElo "2304"]
[PlyCount "107"]

1. e4 e5 2. Nf3 Nc6 3. Bb5 a6 4. Ba4 Nf6 5. O-O Be7 6. Re1 b5 7. Bb3 d6 8. c3
O-O 9. h3 Bb7 10. d4 Nd7 11. Nbd2 Bf6 12. Nf1 Re8 13. Ng3 g6 14. Bh6 Na5 15.
Bc2 exd4 16. cxd4 c5 17. Rb1 cxd4 18. Nxd4 Qb6 19. Nf3 Nc4 20. Bb3 Nc5 21. Bxc4
bxc4 22. Be3 Qc6 23. Bd4 Bxd4 24. Nxd4 Qb6 25. Ndf5 Nxe4 26. Nxe4 Rxe4 27. Qxd6
Qxd6 28. Nxd6 Rxe1+ 29. Rxe1 Bd5 30. Rd1 Be6 31. Ne4 Rb8 32. Rd2 Rb5 33. Nc3
Re5 34. Kf1 Kf8 35. Re2 Rg5 36. g4 h5 37. f3 hxg4 38. hxg4 Ra5 39. Kf2 Ke7 40.
Rd2 Rc5 41. Ke3 Rc8 42. Kf4 Rh8 43. Ne4 Rh1 44. Rc2 Rf1 45. Re2 a5 46. Rd2 Rc1
47. Nc3 Rf1 48. Ke3 Re1+ 49. Re2 Rf1 50. Rf2 Re1+ 51. Kd4 Kd6 52. Re2 Rf1 53.
Re3 Rf2 54. Ne4+ 1-0

[Event "5. Nord-West-Cup"]
[Site "?"]
[Date "2003.??.??"]
[Round "6"]
[White "Leiber, Bernhard"]
[Black "Sawatzki, Frank"]
[Result "0-1"]
[WhiteElo "2208"]
[BlackElo "2320"]
[PlyCount "120"]

1. Nf3 Nf6 2. g3 g6 3. Bg2 Bg7 4. d3 d5 5. O-O O-O 6. Nbd2 c5 7. e4 Nc6 8. c3
Qc7 9. Re1 Rd8 10. h3 e5 11. Qe2 d4 12. c4 a6 13. Nf1 b5 14. b3 bxc4 15. bxc4
Rb8 16. Nh4 Qa5 17. f4 Qc3 18. Bd2 Qc2 19. Rec1 Qa4 20. Nf3 Rb2 21. a3 Nh5 22.
f5 Bd7 23. Ne1 Bh6 24. Rd1 Rdb8 25. Bf3 Nf6 26. g4 R8b3 27. h4 Bxd2 28. Rxd2
Rxd2 29. Qxd2 Rxa3 30. Rb1 Ne8 31. Qh6 Ra1 32. Rb7 Bc8 33. Rxf7 Kxf7 34. Qxh7+
Kf8 35. Qh8+ Ke7 36. g5 Nd8 37. Qxe5+ Ne6 38. Ng2 Qc6 39. Nf4 Qd6 40. Nxg6+ Kd8
41. Qxd6+ Nxd6 42. fxe6 Bxe6 43. Nf4 Bg8 44. Bg4 a5 45. h5 a4 46. g6 a3 47. h6
a2 48. e5 Rxf1+ 49. Kxf1 a1=Q+ 50. Kg2 Qc1 51. h7 Bxh7 52. Ne6+ Ke8 53. Nc7+
Kf8 54. Ne6+ Ke7 55. exd6+ Kxd6 56. gxh7 Qh6 57. Ng5 Qxg5 58. h8=Q Qxg4+ 59.
Kf2 Qf4+ 60. Kg2 Qd2+ 0-1

[Event "5. Nord-West-Cup"]
[Site "?"]
[Date "2003.??.??"]
[Round "6"]
[White "Schirm, Friedmar"]
[Black "Mühlenhaus, Sven"]
[Result "0-1"]
[WhiteElo "2305"]
[BlackElo "2193"]
[PlyCount "50"]

1. Nf3 d5 2. c4 c6 3. d4 Nf6 4. Nc3 e6 5. e3 Nbd7 6. Qc2 Bd6 7. g4 Bb4 8. Bd2
Nxg4 9. Rg1 h5 10. h3 Nh6 11. Bd3 Qf6 12. Ke2 a5 13. e4 dxc4 14. Bxc4 g6 15. e5
Qg7 16. Bxe6 Nxe5 17. Bxc8 Nxf3 18. Kxf3 Rxc8 19. Rae1+ Kf8 20. Ne4 Qxd4 21.
Bg5 Nf5 22. Bf6 Qxf6 23. Nxf6 Nd4+ 24. Ke4 Nxc2 25. Rc1 Kg7 0-1

[Event "5. Nord-West-Cup"]
[Site "?"]
[Date "2003.??.??"]
[Round "6"]
[White "Jaracz, Barbara"]
[Black "Zeuner, Michael"]
[Result "1/2-1/2"]
[WhiteElo "2292"]
[BlackElo "2165"]
[PlyCount "86"]

1. e4 e5 2. Nf3 d6 3. Bc4 Be7 4. O-O Nf6 5. Nc3 c6 6. a4 O-O 7. h3 d5 8. exd5
cxd5 9. Bb3 Nc6 10. d3 d4 11. Ne2 Nd5 12. Ng3 Kh8 13. Re1 f6 14. Bd2 Bb4 15.
Bxb4 Ndxb4 16. Nh4 Na5 17. Ba2 Nxa2 18. Rxa2 Be6 19. Ra1 Qd7 20. Qd2 Nc6 21.
Ne4 b6 22. f4 exf4 23. a5 g5 24. Nf3 Bd5 25. axb6 Bxe4 26. Rxe4 axb6 27. Rae1
Ra5 28. c3 dxc3 29. Qxc3 Rd5 30. Re6 Nd4 31. Nxd4 Rxd4 32. Re7 Qd6 33. Re8 Rxe8
34. Rxe8+ Kg7 35. Qb3 Rxd3 36. Qg8+ Kh6 37. Re6 Qd8 38. Qf7 Rd6 39. Re7 Qh8 40.
h4 g4 41. Qc4 Rd1+ 42. Kf2 Rd2+ 43. Ke1 Rd1+ 1/2-1/2

[Event "5. Nord-West-Cup"]
[Site "?"]
[Date "2003.??.??"]
[Round "6"]
[White "Krause, Thomas"]
[Black "Ljubarskij, Jurij"]
[Result "1/2-1/2"]
[WhiteElo "2186"]
[BlackElo "2292"]
[PlyCount "57"]

1. Nf3 f5 2. c4 Nf6 3. g3 d6 4. Bg2 e5 5. d3 Be7 6. Nc3 O-O 7. O-O Qe8 8. b4 a5
9. b5 Nbd7 10. d4 Qf7 11. dxe5 Nxe5 12. Nxe5 dxe5 13. Nd5 Nxd5 14. Bxd5 Be6 15.
Bxb7 Rad8 16. Bd5 Bxd5 17. cxd5 Qxd5 18. Qb3 Qxb3 19. axb3 Bb4 20. Bb2 Rd5 21.
Rfc1 Rf7 22. Ba3 Bxa3 23. Rxa3 Rxb5 24. Rca1 Re7 25. Rxa5 Rxb3 26. Rc5 Rb8 27.
Raa5 Rbe8 28. Ra7 Rc8 29. Raa5 1/2-1/2

[Event "5. Nord-West-Cup"]
[Site "?"]
[Date "2003.??.??"]
[Round "6"]
[White "Schebitz, Stephan"]
[Black "Topolewski, Dirk"]
[Result "1-0"]
[WhiteElo "2180"]
[BlackElo "2278"]
[PlyCount "117"]

1. d4 e6 2. Nf3 Nf6 3. Bg5 h6 4. Bh4 g5 5. Bg3 Ne4 6. Be5 Rg8 7. Nfd2 Nxd2 8.
Nxd2 d6 9. Bg3 b6 10. e4 Bb7 11. Bb5+ Nd7 12. Qe2 a6 13. Ba4 Bg7 14. c3 Qe7 15.
Qc4 Rc8 16. Qe2 b5 17. Bb3 c5 18. dxc5 dxc5 19. O-O c4 20. Bc2 Ne5 21. a4 b4
22. Bxe5 Bxe5 23. Nxc4 Bxh2+ 24. Kxh2 Qc7+ 25. Kg1 Qxc4 26. Qxc4 Rxc4 27. Bd3
Rc7 28. cxb4 Rd7 29. Rfd1 Ke7 30. b5 a5 31. Kf1 Rgd8 32. Ke2 Rd4 33. f3 Rb4 34.
Rdb1 Rbd4 35. Ra3 f5 36. exf5 exf5 37. Bxf5 Rd2+ 38. Kf1 Kf6 39. Be4 Bxe4 40.
fxe4 Ke5 41. Re3 R8d4 42. b4 axb4 43. b6 g4 44. b7 Rd8 45. Rxb4 Rb8 46. Rc3 Rd7
47. Rc5+ Kf4 48. e5+ Ke3 49. Rc3+ Kd2 50. Rcb3 Re7 51. Rb5 g3 52. a5 Rf7+ 53.
Kg1 Rc7 54. Rb1 Rc4 55. a6 Ra4 56. Rb6 Kc2 57. Rf1 Kd3 58. e6 Ke2 59. e7 1-0

[Event "5. Nord-West-Cup"]
[Site "?"]
[Date "2003.??.??"]
[Round "6"]
[White "Wiertzema, Michael"]
[Black "Meyer, Malte"]
[Result "1/2-1/2"]
[WhiteElo "2149"]
[BlackElo "2244"]
[PlyCount "130"]

1. c4 c6 2. d4 d5 3. e3 Nf6 4. Nc3 e6 5. Nf3 Nbd7 6. Qc2 Bd6 7. g4 Bb4 8. Bd2
b6 9. g5 Bxc3 10. Bxc3 Ne4 11. h4 Bb7 12. Rg1 O-O 13. cxd5 exd5 14. Bd3 f5 15.
gxf6 Ndxf6 16. Ne5 Rc8 17. f3 Nxc3 18. bxc3 c5 19. Qg2 Qe7 20. Rd1 cxd4 21.
cxd4 Rc7 22. h5 Nd7 23. Ng4 Kh8 24. Ke2 Rc3 25. Rd2 Rfc8 26. Qg3 Rxd3 27. Rxd3
Ba6 28. Rgd1 Qa3 29. Nf2 Qxa2+ 30. Ke1 Bxd3 31. Nxd3 h6 32. Nf4 Re8 33. Qf2 Qa3
34. Rd3 Qd6 35. Qg3 Kg8 36. Kf2 a5 37. Qg6 Qxg6 38. hxg6 Nf6 39. Rb3 Rb8 40.
Rc3 a4 41. Ke2 b5 42. Kd2 b4 43. Rc6 b3 44. Kc1 a3 45. Ra6 a2 46. Kb2 h5 47.
Nd3 Nd7 48. Nc1 Rb6 49. Ra8+ Nf8 50. Nxb3 Rxg6 51. Kxa2 h4 52. Kb2 Re6 53. e4
dxe4 54. d5 Re5 55. fxe4 Rxe4 56. d6 Kf7 57. Nc5 Rd4 58. Rxf8+ Kxf8 59. Ne6+
Ke8 60. Nxd4 Kd7 61. Kc3 h3 62. Nf3 g5 63. Nh2 Kxd6 64. Kd4 g4 65. Nxg4 h2
1/2-1/2

[Event "5. Nord-West-Cup"]
[Site "?"]
[Date "2003.??.??"]
[Round "6"]
[White "Schmidt, Oliver"]
[Black "Schütte, Marc"]
[Result "0-1"]
[WhiteElo "2073"]
[BlackElo "2232"]
[PlyCount "128"]

1. e4 e6 2. d4 d5 3. Nc3 Nf6 4. Bg5 Be7 5. e5 Nfd7 6. Bxe7 Qxe7 7. f4 a6 8. Nf3
c5 9. dxc5 Qxc5 10. Qd4 Nc6 11. Qxc5 Nxc5 12. O-O-O O-O 13. Bd3 Bd7 14. Ne2
Rfc8 15. Kb1 Rc7 16. Ned4 Rac8 17. Nb3 Na4 18. Nfd4 Ra8 19. Rc1 Nb6 20. c3 Na7
21. Nd2 h6 22. Be2 Rac8 23. Rhe1 Kf8 24. g4 Ke7 25. h3 Be8 26. Bd3 Rc5 27. N2b3
R5c7 28. Nd2 Bd7 29. Bf1 Ke8 30. Bd3 Kf8 31. Bf1 Ke7 32. Bd3 Na4 33. N2b3 b5
34. Rcd1 Rb8 35. a3 Nc8 36. f5 Ncb6 37. Rd2 Nc4 38. Rf2 a5 39. fxe6 fxe6 40.
Bg6 Be8 41. Bxe8 Rxe8 42. Nxb5 Rb7 43. N3d4 Reb8 44. Nc6+ Ke8 45. Ref1 Nd2+ 46.
Kc2 Nxf1 47. Nd6+ Kd7 48. Nxb8+ Rxb8 49. Rxf1 Rxb2+ 50. Kd3 Nc5+ 51. Kd4 Kc6
52. Rf3 Rb1 53. Ne8 Rd1+ 54. Ke3 Re1+ 55. Kd2 Rxe5 56. Nxg7 Rg5 57. Nxe6 Nxe6
58. Rf6 Kd6 59. Rxh6 Ke5 60. Rh8 Rg7 61. Ra8 Nc5 62. Ke3 Rh7 63. Rxa5 Rxh3+ 64.
Ke2 Rxc3 0-1

[Event "5. Nord-West-Cup"]
[Site "?"]
[Date "2003.??.??"]
[Round "6"]
[White "Tchetchelnitski, Boris"]
[Black "Korba, Roman"]
[Result "1-0"]
[WhiteElo "2230"]
[BlackElo "2096"]
[PlyCount "129"]

1. g3 g6 2. Bg2 Bg7 3. c4 d6 4. Nc3 Nf6 5. Nf3 O-O 6. O-O e5 7. d3 h6 8. a3 Re8
9. Qc2 Nc6 10. e3 d5 11. cxd5 Nxd5 12. Nxd5 Qxd5 13. Nd2 Qb5 14. Ne4 Bf5 15.
Rd1 Rad8 16. b4 Bxe4 17. Bxe4 f5 18. Bxc6 bxc6 19. Bb2 Rd6 20. Rac1 f4 21. exf4
exf4 22. Bxg7 Kxg7 23. Qc3+ Kh7 24. Re1 Rde6 25. Rxe6 Rxe6 26. Qc4 Qxc4 27.
Rxc4 fxg3 28. hxg3 Kg7 29. Kf1 Kf6 30. Rc5 Ke7 31. Ra5 g5 32. Rxa7 Kd7 33. Ra5
Re8 34. Rc5 Ra8 35. Rc3 Kd6 36. Ke2 Kd5 37. Kd2 Ra6 38. Rc5+ Kd6 39. Rc3 Kd5
40. Ke3 Ra8 41. f4 gxf4+ 42. gxf4 Re8+ 43. Kf3 Re6 44. a4 Kd4 45. Ra3 c5 46.
bxc5 Kxc5 47. Rc3+ Kd4 48. Rxc7 Kxd3 49. Rc5 Kd4 50. Rf5 Re3+ 51. Kg4 Ra3 52.
a5 Ra1 53. Rb5 Ke4 54. f5 Rh1 55. Kg3 Ra1 56. Kg4 Rh1 57. f6 h5+ 58. Kg5 h4 59.
a6 h3 60. f7 h2 61. a7 Rg1+ 62. Kf6 Rf1+ 63. Kg6 Rg1+ 64. Rg5 Ra1 65. Rh5 1-0

[Event "5. Nord-West-Cup"]
[Site "?"]
[Date "2003.??.??"]
[Round "6"]
[White "Gellrich, Peter"]
[Black "Fehsenfeld, Frithjof"]
[Result "1-0"]
[WhiteElo "2230"]
[BlackElo "2062"]
[PlyCount "109"]

1. d4 d5 2. Nf3 Nf6 3. c4 e6 4. Nc3 Be7 5. Bf4 c6 6. e3 O-O 7. Bd3 Nbd7 8. h3
b6 9. O-O Bb7 10. Qe2 c5 11. Rfd1 cxd4 12. exd4 Re8 13. Ne5 Nf8 14. Bg3 a6 15.
Rac1 dxc4 16. Bxc4 b5 17. Bb3 Rc8 18. a3 Nd5 19. Ne4 Qb6 20. Rxc8 Rxc8 21. Qh5
Ng6 22. Ng5 Bxg5 23. Nxg6 Bc1 24. Ne5 g6 25. Qh4 f6 26. Nd7 Qd8 27. Nc5 Rxc5
28. dxc5 Bg5 29. Qe4 Kf7 30. Re1 Qd7 31. a4 Bc6 32. axb5 axb5 33. Qe2 Bb7 34.
Bd6 f5 35. f4 Bf6 36. Kh2 h5 37. Qc2 Bc6 38. Qe2 Bh4 39. g3 Bf6 40. Qd2 Qb7 41.
Qe2 Qd7 42. Qd2 Bb7 43. Be5 Be7 44. Rc1 Qc6 45. Bxd5 exd5 46. Bd4 Ba8 47. h4
Bf6 48. Re1 Bb7 49. Qe3 Qd7 50. Bxf6 Kxf6 51. Qe5+ Kf7 52. Qh8 Qc6 53. Qh7+ Kf8
54. Qe7+ Kg8 55. Qd8+ 1-0

[Event "5. Nord-West-Cup"]
[Site "?"]
[Date "2003.??.??"]
[Round "6"]
[White "Kolthoff, Siegmund"]
[Black "Janssen, Volker"]
[Result "1/2-1/2"]
[WhiteElo "2180"]
[BlackElo "2058"]
[PlyCount "100"]

1. Nf3 g6 2. e4 c5 3. d4 cxd4 4. Nxd4 Bg7 5. c4 Nc6 6. Be3 d6 7. Nc3 Nf6 8. Be2
O-O 9. O-O Bd7 10. Qd2 Nxd4 11. Bxd4 Bc6 12. f3 Nd7 13. Be3 a5 14. b3 Nc5 15.
Rab1 Qb6 16. Rfc1 Qb4 17. Bf1 Rfc8 18. Rc2 Qb6 19. Qf2 Qd8 20. Rd1 Qf8 21. Nd5
Bxd5 22. exd5 Bh6 23. Re2 Bxe3 24. Rxe3 Rc7 25. Rde1 Re8 26. Qh4 e5 27. dxe6
Rxe6 28. Rxe6 Nxe6 29. Rd1 Rd7 30. f4 d5 31. f5 Qc5+ 32. Kh1 gxf5 33. Qg3+ Kf8
34. Qe5 d4 35. Qh8+ Ke7 36. Qxh7 Qe5 37. Bd3 Ng7 38. Qh4+ Qf6 39. Re1+ Ne6 40.
Qf4 Rd6 41. Qe5 f4 42. Qxa5 f3 43. Qf5 fxg2+ 44. Kxg2 Qh4 45. Re2 Rd8 46. Kh1
Rg8 47. c5 Rg5 48. Qf3 Rxc5 49. Bc4 Rc7 50. Qf5 Qf6 1/2-1/2

[Event "5. Nord-West-Cup"]
[Site "?"]
[Date "2003.??.??"]
[Round "6"]
[White "Kerker, Andreas"]
[Black "zur Brügge, Carsten"]
[Result "1/2-1/2"]
[WhiteElo "2151"]
[BlackElo "2103"]
[PlyCount "25"]

1. e4 e5 2. Nf3 Nc6 3. Bb5 a6 4. Ba4 Nf6 5. O-O Be7 6. Re1 b5 7. Bb3 O-O 8. d4
Nxd4 9. Bxf7+ Rxf7 10. Nxe5 Rf8 11. Qxd4 Bb7 12. Nc3 Bd6 13. Nf3 1/2-1/2

[Event "5. Nord-West-Cup"]
[Site "?"]
[Date "2003.??.??"]
[Round "6"]
[White "Wahrenberg, Ralf"]
[Black "Nedkov, Petar"]
[Result "1-0"]
[WhiteElo "2058"]
[BlackElo "2149"]
[PlyCount "79"]

1. d4 Nf6 2. Nf3 e6 3. Bf4 d5 4. e3 c5 5. c3 Nc6 6. Bd3 Qb6 7. Qc1 c4 8. Bc2
Be7 9. h3 h6 10. Nbd2 Qd8 11. O-O g5 12. Bh2 g4 13. hxg4 Nxg4 14. Bf4 Bg5 15.
Ne5 Qf6 16. Nxg4 Qg7 17. f3 h5 18. Ne5 Rg8 19. Rf2 Bh4 20. Re2 Bg3 21. Bxg3
Qxg3 22. Qe1 Qg7 23. f4 Bd7 24. Qh4 Qh6 25. Rf1 Ne7 26. Rf3 f6 27. Nxd7 Kxd7
28. Rg3 Rxg3 29. Qxg3 Rg8 30. Qh3 f5 31. Nf3 Rg7 32. b3 Ng8 33. bxc4 Nf6 34.
Ba4+ Ke7 35. Ng5 dxc4 36. Qf3 Kd6 37. Rb2 Nd5 38. e4 Rxg5 39. fxg5 Qxg5 40.
Rxb7 1-0

[Event "5. Nord-West-Cup"]
[Site "?"]
[Date "2003.??.??"]
[Round "6"]
[White "Böhme, Arne"]
[Black "Großkopf, Lars"]
[Result "1/2-1/2"]
[WhiteElo "1982"]
[BlackElo "2142"]
[PlyCount "81"]

1. e4 d5 2. exd5 Qxd5 3. Nc3 Qa5 4. d4 c6 5. Nf3 Nf6 6. h3 Bf5 7. Bd2 Nbd7 8.
Ne2 Qb6 9. Ng3 Bg6 10. Qc1 e6 11. Bc4 Bd6 12. Ne2 Bh5 13. c3 Nd5 14. Qc2 O-O-O
15. O-O-O Kb8 16. Bxd5 cxd5 17. Nf4 Bxf3 18. gxf3 g6 19. Nd3 Rc8 20. f4 Qa6 21.
Kb1 Rc6 22. Ne5 Bxe5 23. fxe5 Nb6 24. Bc1 Rhc8 25. Rd3 Nc4 26. Rf3 R8c7 27. b3
Nb6 28. Bg5 Kc8 29. h4 h5 30. Qxg6 Kb8 31. Qg8+ Rc8 32. Qxf7 Rxc3 33. Rxc3 Rxc3
34. Qg8+ Rc8 35. Qg6 Qe2 36. Be3 a5 37. Rc1 Rxc1+ 38. Kxc1 Qxa2 39. Qxe6 Qxb3
40. Qd6+ Ka7 41. Qc5 1/2-1/2